| 000 | 00806nam a2200205 4500 | ||
|---|---|---|---|
| 001 | 6917 | ||
| 003 | GR-kaGGEEl | ||
| 005 | 20220622205424.0 | ||
| 035 | _a6762 | ||
| 090 | _a6917 | ||
| 100 | _a20090424d |||y0grey50 ga | ||
| 200 | 1 |
_aΚράτος και επανάσταση _fΒ.Ι.Λένιν _eΗ διδασκαλία του μαρξισμού για το κράτος και τα καθήκοντα του προλεταριάτου στην επανάσταση |
|
| 210 |
_aΑθήνα _cΣύγχρονη Εποχή _d1984 |
||
| 606 | 1 |
_aκομμουνισμός-Σοβιετική Ένωση _916145 |
|
| 676 |
_a335.4 _v19 |
||
| 701 | 1 |
_4070 _aΛένιν Ι. _bΒ. |
|
| 712 | 0 | 2 |
_4650 _aΣύγχρονη Εποχή _922772 |
| 942 | _cBK | ||